00977nam a2200289 a 4500999001700000001000800017003000400025005001700029008004100046010001700087020002600104040001800130043003000148050002200178082002200200100005400222245007700276260004900353300001300402504003900415650003800454651003500492651003600527651002900563906004500592942005000637 c19943d199434340068OSt20200609142752.0880223s1986 enk b 001 0 eng c a 88672193  a0745002730 :c£20.00 aMHcoclcdDLC ae-ur---an-us---aew-----14aU264b.L35x 1986b a355.825119bLAI/S aLaird, Robbin Fq(Robbin Frederick),d1946-9269114aThe Soviet Union, the West, and the nuclear arms race /cRobbin F. Laird aBrighton, Sussex :bWheatsheaf Books,c1986. a236 p. ; aIncludes bibliographies and index. 0aArms racexHistoryy20th century. 0aSoviet UnionxMilitary policy. 0aUnited StatesxMilitary policy. 0aEuropexMilitary policy. a7bcbccorignewduencipf19gy-gencatlg 2ddccBKh355.825119iLAI/Sk355.825119mLAI/S